Sample preparation : Quo vadis ? /
Na minha lista:
| Autor principal: | |
|---|---|
| Formato: | Atigo |
| Idioma: | English |
| Assuntos: | |
| Tags: |
Adicionar Tag
Sem tags, seja o primeiro a adicionar uma tag!
|
| Thư viện lưu trữ: | Thư viện Trường Đại học Đà Lạt |
|---|
| LEADER | 00780nam a2200277 4500 | ||
|---|---|---|---|
| 001 | DLU090097057 | ||
| 005 | ##20091201 | ||
| 040 | # | # | |a DLU |b eng |
| 041 | # | # | |a eng |
| 044 | # | # | |a us |
| 100 | # | # | |a Pawliszyn, Janusz. |
| 245 | # | # | |a Sample preparation : Quo vadis ? / |c Janusz Pawliszyn. |
| 653 | # | # | |a Chemical enrichment |
| 653 | # | # | |a Extraction process |
| 653 | # | # | |a Optimization |
| 653 | # | # | |a Sample preparation |
| 773 | # | # | |t Analytical Chemistry |g Vol. 75, no. 11 (June 2003), p. 2543-2558 |
| 920 | # | # | |a Phòng Tạp chí -- Trung tâm Thông tin - Thư viện Trường Đại học Đà Lạt |
| 994 | # | # | |a DLU |
| 900 | # | # | |a True |
| 911 | # | # | |a Trương Bảo Trâm Anh |
| 925 | # | # | |a G |
| 926 | # | # | |a A |
| 927 | # | # | |a BB |
| 980 | # | # | |a Thư viện Trường Đại học Đà Lạt |